00625nam a22001577a 4500003000900000005001700009008004100026040001300067100005200080245005800132250001100190260003700201300001800238490001400256520019700270IT-RoPau20220918181102.0130326b xxu||||| |||| 00| 0 eng d cIT-RoPau aXII Capitolo Provinciale Circoscrizione Italia aDocumento Programmaticob(Ariccia, 8-19 ottobre 2002) a1° ed aRomabSSP Provincia Italiac2002 a16 pp.c21 cm aSan Paolo aIndice Introduzione 1. Redazione del Documento 2. Alcuni testi di riferimento per le singole "Aree" Documento Programmatico Prima parte - Aree problematiche Seconda parte - Linee operative